Normal view
MARC view
- আনসার আলী খান।
Entry Personal Name
001 - CONTROL NUMBER
- control field: 5296
003 - CONTROL NUMBER IDENTIFIER
- control field: OSt
005 - DATE AND TIME OF LATEST TRANSACTION
- control field: 20230410043708.0
008 - FIXED-LENGTH DATA ELEMENTS
- fixed length control field: 230410|| aca||aabn | a|a d
040 ## - CATALOGING SOURCE
- Original cataloging agency: OSt
- Transcribing agency: OSt
100 ## - HEADING--PERSONAL NAME
- Personal name: আনসার আলী খান।
670 ## - SOURCE DATA FOUND
- Source citation: Work cat.: (OSt)2528: খান, আনসার আলী 5295, আন্তর্জাতিক আইন : , c2006
